Library Banner

Military inc. : inside Pakistan's military economy/ (Record no. 100688)

MARC details
000 -LEADER
fixed length control field 00431nam a22001577a 4500
005 - DATE AND TIME OF LATEST TRANSACTION
control field 20171211150436.0
008 - FIXED-LENGTH DATA ELEMENTS--GENERAL INFORMATION
fixed length control field 171211b xxu||||| |||| 00| 0 eng d
020 ## - INTERNATIONAL STANDARD BOOK NUMBER
International Standard Book Number 9780195474954
040 ## - CATALOGING SOURCE
Transcribing agency PK-LaUMT
082 ## - DEWEY DECIMAL CLASSIFICATION NUMBER
Classification number PKAC 322.5095491
Item number AYE-M
100 ## - MAIN ENTRY--PERSONAL NAME
Personal name Ayesha Siddiqa
245 ## - TITLE STATEMENT
Title Military inc. : inside Pakistan's military economy/
Statement of responsibility, etc Ayesha Siddiqa
260 ## - PUBLICATION, DISTRIBUTION, ETC. (IMPRINT)
Place of publication, distribution, etc Karachi:
Name of publisher, distributor, etc Oxford,
Date of publication, distribution, etc 2007
300 ## - PHYSICAL DESCRIPTION
Extent 292 p.
942 ## - ADDED ENTRY ELEMENTS (KOHA)
Koha item type Books
Holdings
Withdrawn status Lost status Damaged status Home library Current library Date acquired Full call number Barcode Date last seen Price effective from Koha item type
      UMT Main Campus UMT Main Campus 2017-12-11 PKAC 322.5095491 AYE-M 116506 2017-12-11 2017-12-11 Books